Normale Ansicht MARC-Ansicht ISBD

Popular opinion and political dissent in the Third Reich, Bavaria 1933-1945 / (Titelsatznr. 40038)

[ MARC ]
MARC-Details
000 -Satzkennung
Kontrollfeld mit fester Länge 00629nam a22002291c 4500
001 - Kontrollnummer
Kontrollfeld a987678139
008 - Feld mit fester Länge zur physischen Beschreibung - Allgemeine Angaben
Kontrollfeld mit fester Länge 161118s1983 gw |||| 000u eng d
020 ## - Internationale Standardbuchnummer
Internationale Standardbuchnummer 0198219229
Verknüpfung 0-19-821922-9
041 ## - Sprachcode
Sprachcode des Textes/der Tonspur oder des separaten Titels eng
040 ## - Katalogisierungsquelle
Übertragungsstelle RU-10907106
003 - Kontrollnummer Identifier
Kontrollfeld RU-10907106
100 1# - Haupteintragung - Personenname
Personenname Kershaw, Ian
245 00 - Titel
Titel Popular opinion and political dissent in the Third Reich, Bavaria 1933-1945 /
Verfasserangabe etc. Ian Kershaw
264 ## - Produktion, Veröffentlichung, Distribution, Herstellung und Urheberrechtsvermerk
Herstellungs-, Veröffentlichungs- Vertriebs-, Erzeugungsort Oxford :
Produzent, Herausgeber, Distributor, Hersteller Clarendon Press,
Datum der Herstellung, der Veröffentlichung, des Vertriebs oder des Urheberschutzvermerks 1983
300 ## - Physische Beschreibung
Umfang xii, 425 p. ; 23 cm
500 ## - Allgemeine Fußnote
Allgemeine Fußnote Includes index
650 #0 - Nebeneintragung unter einem Schlagwort - Sachschlagwort
Sachschlagwort oder geografischer Name als Eintragungselement Nationalsozialismus
650 #0 - Nebeneintragung unter einem Schlagwort - Sachschlagwort
Sachschlagwort oder geografischer Name als Eintragungselement Öffentliche Meinung
651 #0 - Nebeneintragung unter einem Schlagwort - Geografischer Name
Geografischer Name Bayern
651 #0 - Nebeneintragung unter einem Schlagwort - Geografischer Name
Geografischer Name
942 ## - Zusätzliche Felder (Koha)
Koha-Medientyp Monographien
Exemplare
Ausgeschieden Verloren Klassifikation oder Aufstellungssystematik Beschädigt Nicht entleihbar Heimatbibliothek Aufenthaltsbibliothek Aufstellungsort Erwerbungsdatum Inventarnummer Signatur Barcode Letzte Aktivität Preis gültig von Koha-Medientyp
    Andere/Generische Klassifikation     MWN Osteuropa MWN Osteuropa Lesesaal - 1 18/11/2016 16-04376 Ersatzß D 52 ed Ker E00401506CBDEE03 22/02/2021 22/03/2021 Monographien